Urban transformation : (Record no. 10608)

000 -LEADER
fixed length control field 01097cam a22003137i 4500
003 - CONTROL NUMBER IDENTIFIER
control field OSt
005 - DATE AND TIME OF LATEST TRANSACTION
control field 20220408194444.0
008 - FIXED-LENGTH DATA ELEMENTS--GENERAL INFORMATION
fixed length control field 161108s2011 vraab 001 0 eng d
020 ## - INTERNATIONAL STANDARD BOOK NUMBER
International Standard Book Number 9781864704570 (hbk.)
020 ## - INTERNATIONAL STANDARD BOOK NUMBER
International Standard Book Number 1864704578 (hbk.)
035 ## - SYSTEM CONTROL NUMBER
System control number (OCoLC)ocn751804677
042 ## - AUTHENTICATION CODE
Authentication code lccopycat
050 00 - LIBRARY OF CONGRESS CALL NUMBER
Classification number HE305
Item number .A42 2011
082 04 - DEWEY DECIMAL CLASSIFICATION NUMBER
Classification number 725.3
Edition number 23
100 1# - MAIN ENTRY--PERSONAL NAME
Personal name Altoon, Ronald A.
245 10 - TITLE STATEMENT
Title Urban transformation :
Remainder of title transit oriented development and the sustainable city /
Statement of responsibility, etc Ronald A. Altoon, James C. Auld.
300 ## - PHYSICAL DESCRIPTION
Extent 192 pages :
Other physical details color illustrations, color maps ;
Dimensions 24 cm
500 ## - GENERAL NOTE
General note Includes index.
650 #0 - SUBJECT ADDED ENTRY--TOPICAL TERM
Topical term or geographic name as entry element Urban transportation
General subdivision Planning
Form subdivision Case studies.
650 #0 - SUBJECT ADDED ENTRY--TOPICAL TERM
Topical term or geographic name as entry element Transit-oriented development
Form subdivision Case studies.
650 #0 - SUBJECT ADDED ENTRY--TOPICAL TERM
Topical term or geographic name as entry element Sustainable urban development
Form subdivision Case studies.
650 #7 - SUBJECT ADDED ENTRY--TOPICAL TERM
Topical term or geographic name as entry element Sustainable urban development.
Source of heading or term fast
650 #7 - SUBJECT ADDED ENTRY--TOPICAL TERM
Topical term or geographic name as entry element Transit-oriented development.
Source of heading or term fast
650 #7 - SUBJECT ADDED ENTRY--TOPICAL TERM
Topical term or geographic name as entry element Urban transportation
General subdivision Planning.
Source of heading or term fast
655 #7 - INDEX TERM--GENRE/FORM
Genre/form data or focus term Case studies.
Source of term fast
700 1# - ADDED ENTRY--PERSONAL NAME
Personal name Auld, James C.
906 ## - LOCAL DATA ELEMENT F, LDF (RLIN)
a 7
b cbc
c copycat
d 2
e ncip
f 20
g y-gencatlg
942 ## - ADDED ENTRY ELEMENTS (KOHA)
Source of classification or shelving scheme
Holdings
Withdrawn status Lost status Source of classification or shelving scheme Damaged status Koha normalized classification for sorting Not for loan Permanent location Current location Date acquired Source of acquisition Cost, normal purchase price Total Checkouts Full call number Barcode Date last seen Date last borrowed Cost, replacement price Price effective from Koha item type
        725_300000000000000   BMS College of Architecture, Design and Planning BMS College of Architecture, Design and Planning 2022-04-08 6 4131.75 1 725.3 AR-PG546 2022-11-22 2022-11-08 5902.50 2022-04-08 PG Books
Copyright © 2025, The Librarian, Library and Information Centre, BMSCA D&P, Bengaluru. All Rights Reserved
web counter

Powered by Koha